01703nam a22002537a 4500003000800000005001700008006001900025007000300044008004100047020001800088040001700106041000800123050001500131100003700146245012000183260003900303300004600342520084800388700005101236942001501287946000801302999001901310952012001329BJBSDDR20260513183339.0a|||||r|||| 00| 0 ta260513s20221974nyu|||||r|||| 00| 0 eng d a9781476770512 bspacBJBSDDR aeng bB531a 20221 aBernstein, Carl, d1944- 93869610aAll the President's men :bthe greatest reporting story of all time /cCarl Bernstein (Autor), Bob Woodward (Autor) aNew York,bSimon & Schuster,c2022 axxix, 361 pages :billustrations ;c22 cm aThis book follows journalists Bob Woodward and Carl Bernstein as they investigate the 1972 Watergate break-in in Washington, D.C. What begins as a seemingly minor burglary at the Democratic National Committee headquarters grows into a major political scandal involving illegal surveillance, political sabotage, and abuse of presidential power. Using anonymous sources (most famously “Deep Throat”), interviews, and persistent reporting, the journalists uncover a network connecting the burglars to high-level officials in the Nixon administration. Their investigation ultimately contributes to exposing the Watergate scandal and the resignation of President Richard Nixon. The book is both a detailed account of investigative journalism and a real-time political thriller showing how persistent reporting can uncover systemic corruption.1 aWoodward, Bob q(Robert Upshur), d1943-98227 2lccn0cBK illh c127085d127085 00102lcc40708APTaBJBbBJBcAPTd2026-05-13l0oB531a 2022p00000200100r2026-05-13 18:34:01t1w2026-05-13yBK